| 000 | 00550nam a2200193Ia 4500 | ||
|---|---|---|---|
| 999 |
_c1890 _d1890 |
||
| 003 | OSt | ||
| 005 | 20200922120440.0 | ||
| 008 | 190216s9999||||xx |||||||||||||| ||und|| | ||
| 020 | _a8173810281 | ||
| 040 | _coclc | ||
| 082 |
_a580 _bGAN/C |
||
| 100 |
_aGangulee, H C _94784 |
||
| 245 | 0 |
_aCollege Botany Vol. 1 / _c H C Gangulee ; K S Das ; C Dutta |
|
| 250 | _a6th Ed. | ||
| 260 |
_bNew Central Book Agencies, _c2007. _aKolkata: |
||
| 300 | _a971p | ||
| 650 | _aCollege Botany | ||
| 942 |
_cBK _2ddc _h580 _iGAN/C _k580 _mGAN/C |
||